Comunicaciones y redes de procesamiento de datos / (Registro nro. 5714)
[ vista simple ]
| 000 -LEADER | |
|---|---|
| fixed length control field | 01118nam a2200241Ia 4500 |
| 003 - CONTROL NUMBER IDENTIFIER | |
| control field | OSt |
| 005 - DATE AND TIME OF LATEST TRANSACTION | |
| control field | 20200325123045.0 |
| 008 - FIXED-LENGTH DATA ELEMENTS--GENERAL INFORMATION | |
| fixed length control field | 191128s1987 ck a gr 001 0dspa d |
| 020 ## - INTERNATIONAL STANDARD BOOK NUMBER | |
| International Standard Book Number | 9684221479 |
| 040 ## - CATALOGING SOURCE | |
| Original cataloging agency | CO-JMCR |
| Transcribing agency | CO-JMCR |
| 082 04 - DEWEY DECIMAL CLASSIFICATION NUMBER | |
| Classification number | 004.65 / |
| Item number | G643c |
| 100 1# - MAIN ENTRY--PERSONAL NAME | |
| Personal name | González Sainz, Néstor, |
| Relator term | autor |
| 9 (RLIN) | 1830 |
| 245 10 - TITLE STATEMENT | |
| Title | Comunicaciones y redes de procesamiento de datos / |
| Statement of responsibility, etc. | Néstor González Sainz, Jaime, Alberto, |
| 260 ## - PUBLICATION, DISTRIBUTION, ETC. | |
| Place of publication, distribution, etc. | Bogotá : |
| Name of publisher, distributor, etc. | McGraw-Hill, |
| Date of publication, distribution, etc. | 1987. |
| 300 ## - PHYSICAL DESCRIPTION | |
| Extent | 396 páginas : |
| Other physical details | ilustraciones en blanco y negro ; |
| Dimensions | 23 cm. |
| 500 ## - GENERAL NOTE | |
| General note | Incluye índice, apéndices y glosario al final del texto |
| 505 ## - FORMATTED CONTENTS NOTE | |
| Formatted contents note | Demanda de comunicación de datos -- Importancia de la estructura de archivos -- Conceptos y definición basica -- Elementos de un sistema de comunicaciones --Medios físicos de transmisión -- Detección y corrección de errores de transmisión |
| 546 ## - LANGUAGE NOTE | |
| Language note | spa |
| 650 14 - SUBJECT ADDED ENTRY--TOPICAL TERM | |
| Topical term or geographic name entry element | Telecomunicaciones |
| General subdivision | Sistemas de transmisión de datos |
| 9 (RLIN) | 1831 |
| 650 24 - SUBJECT ADDED ENTRY--TOPICAL TERM | |
| Topical term or geographic name entry element | Redes de información |
| General subdivision | Procesamiento electrónico de datos |
| 9 (RLIN) | 1832 |
| 700 1# - ADDED ENTRY--PERSONAL NAME | |
| Personal name | Jaime, Alberto, |
| Relator term | autor |
| 9 (RLIN) | 1833 |
| 942 ## - ADDED ENTRY ELEMENTS (KOHA) | |
| Source of classification or shelving scheme | Dewey Decimal Classification |
| Koha item type | Books |
| Withdrawn status | Lost status | Source of classification or shelving scheme | Materials specified (bound volume or other part) | Damaged status | Not for loan | Home library | Current library | Date acquired | Source of acquisition | Cost, normal purchase price | Total Checkouts | Full call number | Barcode | Date last seen | Date last checked out | Copy number | Price effective from | Koha item type |
|---|---|---|---|---|---|---|---|---|---|---|---|---|---|---|---|---|---|---|
| Dewey Decimal Classification | Donación--15/04/2018-- | Biblioteca Pública José María del Castillo y Rada | Biblioteca Pública José María del Castillo y Rada | 11/28/2019 | Donación | 0.00 | 1 | 004.65 / G643c | 430004007 | 05/16/2024 | 03/28/2023 | Ej.1 | 11/28/2019 | Books |